00378 a2200109 4500001001000000005001700010008004100027245011600068100002000184700002200204773004200226ART_6070620260410161637.0260409a 10aLa materialidad de la información expuesta en los estados financieros bajo NIIF y su utilidad para el usuario1 aBertoldi, Norma1 aWerbin, Eliana M.0 tEnfoquesg- N° 4 (abr. 2024)wREV416